000 00858nam a22002777a 4500
001 5572
003 FISKH
005 20250821143137.0
008 241218b cb ||||| |||| 00| 0 eng d
020 _a9780545099936
040 _aFISKH
_beng
_cFISKH
_dFISKH
050 _aSF75.C67
082 _a636
100 _aCooper, Wade
245 _aFarm animals /
_c Wade Cooper
260 _aNew York :
_bCartwheel,
_c2008.
300 _a31 pages ;
_bcolor illustrations ;
_c23 cm
490 _aScholastic Readers
_vlevel 2
505 _aJ
520 _aIntroduces young readers to animals that can be found on a farm, such as pigs, sheep, horses, and cows, and describes the ways in which they help people.
521 8 _a470
_bLexile
521 8 _aJ
_bRaz-Plus
650 _aAnimals
_vHardcover
942 _2ddc
_cBK
_n0
999 _c5572
_d5572